|
|
|
|
| LEADER |
00620nab a2200145 i 4500 |
| 001 |
delm47706 |
| 005 |
20180927134916.0 |
| 008 |
180927s1932 hu o 0|| hun d |
| 040 |
|
|
|a SZTE Délmagyarország Archívum
|b hun
|
| 041 |
|
|
|a hun
|
| 245 |
0 |
2 |
|a A város 250 ezer pengő kölcsönt kapott a Salgótarjáni Kőszénbányától
|h [elektronikus dokumentum] :
|b az összegből kifizették a Magyar-Olasz Banknál lejárt függőkölcsönt : a polgármester nyilatkozata az érdekes kölcsöntárgyalásról
|
| 260 |
|
|
|c 1932-05-10
|
| 300 |
|
|
|a 3
|
| 490 |
0 |
|
|a Délmagyarország
|v 8 No. 106
|
| 695 |
|
|
|a Somogyi Szilveszter, Pénzügy Szeged
|